Statistiques concernant Rappeurs français et collectifs en vogue (sur Internet en particulier) (désolé si j'en oublie haha)

Cliquez ici pour prendre le quiz!

Statistiques générales

  • Ce quiz a été pris 316 fois
  • Le résultat moyen est 6 sur 36

Statistiques - réponses

HintRéponse% Correct
Booba
68%
CollectifPNL
68%
Nekfeu
55%
Jul
53%
Kaaris
52%
SCH
40%
Niska
36%
Vald
27%
CollectifS-Crew
24%
Gradur
19%
Lacrim
19%
Collectif13 Block
17%
CollectifDTF
15%
CollectifColumbine
14%
Lorenzo
13%
CollectifMZ
13%
CollectifBigflo & Oli
10%
Niro
9%
CollectifPanama Bende
9%
CollectifPSO Thug
7%
Alkpote
6%
CollectifCasseurs Flowters
6%
Sneazzy
6%
Dosseh
5%
Hugo TSR
4%
CollectifXVBARBAR
4%
Joke
3%
Georgio
2%
Hayce Lemsi
2%
Davodka
1%
CollectifLa Smala
1%
CollectifStupeflip
1%
CollectifTSR Crew
1%
Volts Face
1%
Biffty
0%
CollectifLes Tontons Flingueurs
0%

Distribution des résultats

Percentile par nombre de réponses

% des personnes avec chaque résultat

Votre développement - résultats

Vous n’avez pas pris ce quiz